Представление документа в формате RUSMARC

ПолеНазваниеЗначение
  Тип записи a
  Библиографический уровень a
001 Контрольный номер RU/CBS_UL/BASE/673553216
005 Дата корректировки 20240209175304.5
100 Данные общей обработки __
a Данные общей обработки 20210505d2021 ||| 0rusy0189 ca
101 Язык документа 0_
a Язык текста rus
102 Страна публикации __
a Страна публикации RU
105 Кодированные данные (монография) __
a Кодированные данные (монография) y###||||000|y
181 Поле кодированных данных: вид содержания _1
a Код вида содержания (ISBD) i#
b Код характеристики содержания (ISBD) #xxe##
d i
g x
h x
i e
2 Код системы (источник кода, отличный от ISBD) isbdcontent
182 Поле кодированных данных: тип средства _1
a Код типа средства (ISBD) n
2 Код системы (источник кода, отличный от ISBD) isbdmedia
200 Заглавие и сведения об ответственности 1_
a Заглавие Первые эталоны речи
b Общее обозначение материала Текст
e Сведения, относящиеся к заглавию [понятие речевых эталонов, их возрастная доступность и привлекательность для малыша, способы разнообразить речевую среду маленького ребенка]
f Первые сведения об ответственности Е. Белоус
w Текст (визуальный) : непосредственный
203 Вид содержания и тип средства __
a Вид содержания Текст
b Характеристика содержания визуальный
c Тип средства непосредственный
333 Примечание о целевом назначении __
a Примечание о целевом назначении 0+
461 Уровень набора _0
1 2000
a Дошкольное воспитание
463 Уровень физической единицы _0
1 001RU/CBS_Ul/BASE/508164578
1 2000
a № 1
v С.67-70
1 210
d 2016
606 Тематические рубрики 0_
a Основная рубрика Дошкольное воспитание - Развитие речи - Речевые эталоны
610 Ключевые слова 0_
a Ключевые слова эталоны речевые
a Ключевые слова развитие речи у детей дошкольного возраста
a Ключевые слова потешки для разития речи
a Ключевые слова пестушки (древнейший жанр русского народного фольклора для детей младенческого возраста; короткий стихотворный напев)
686 Индексы других классификаций __
a Классификационный индекс 74.100.5
2 Код системы rubbk
700 Автор _1
a Фамилия Белоус
b Имя (инициалы) Е.
801 Источник записи _0
a Страна RU
b Организация МБУК ЦБС г. Ульяновска
c Дата составления 20210505
g Правила каталогизации RCR
801 Источник записи _1
a Страна RU
b Организация МБУК ЦБС г. Ульяновска
c Дата составления 20210505
g Правила каталогизации RCR
901 Тип документа __
t Тип документа b
w Контрольный № источника RU/CBS_Ul/BASE/508164578
910 Корректоры записи __
a Корректор записи Библиотека 18
938 Служебная информация __
a Имя БД period